000 00869nmc a2200301 a 4500
003 AR-BaBNM
005 20251128205825.0
008 011101s1997 ||||||||||||||000 | spa||
020 _a84-87767-64-8
040 _cAR-BaBNM
100 1 _aSantos Guerra, Miguel Angel
245 1 0 _aLa luz del prisma
_bpara comprender las organizaciones educativas
260 _aMálaga
_bEdiciones Aljibe
_c1997
300 _a273 p.
_bgráfs.
490 0 _aBiblioteca de educación
500 _aReferencias bibliográficas: p. 255-273
650 4 _aORGANIZACION ESCOLAR
650 4 _aADMINISTRACION ESCOLAR
650 4 _aPLANIFICACION ESCOLAR
650 4 _aCIENCIAS DE LA EDUCACION
650 4 _aESCUELAS
651 4 _aEspaña
653 _aINVESTIGACION EDUCATIVA
653 _aGESTION EDUCATIVA
653 _aREFORMA EDUCATIVA
942 _cBK
998 _carturo
999 _c12962
_d12962